Mémoire sur le Sahara oriental au point de vue de l'établissement des puits artesiens / (Record no. 89792)
[ view plain ]
| 000 -LEADER | |
|---|---|
| campo de control de longitud fija | 00670nam a2200181 i 4500 |
| 001 - NÚMERO DE CONTROL | |
| campo de control | 89792 |
| 003 - IDENTIFICADOR DE NÚMERO DE CONTROL | |
| campo de control | ES-MaACL |
| 005 - FECHA Y HORA DE LA ÚLTIMA TRANSACCIÓN | |
| campo de control | 20240509145549.0 |
| 007 - CAMPO FIJO DE DESCRIPCIÓN FÍSICA--INFORMACIÓN GENERAL | |
| campo de control de longitud fija | t| |
| 008 - DATOS DE LONGITUD FIJA--INFORMACIÓN GENERAL | |
| campo de control de longitud fija | 050113s1859 fr b |||| | fre d |
| 100 1# - ENTRADA PRINCIPAL--NOMBRE DE PERSONA | |
| Nombre de persona | Laurent, Charles-Auguste. |
| 9 (RLIN) | 70625 |
| 245 10 - MENCIÓN DEL TÍTULO | |
| Título | Mémoire sur le Sahara oriental au point de vue de l'établissement des puits artesiens / |
| Mención de responsabilidad, etc. | par Ch. Laurent. |
| 260 ## - PUBLICACIÓN, DISTRIBUCIÓN, ETC. | |
| Lugar de publicación, distribución, etc. | Paris : |
| Nombre del editor, distribuidor, etc. | [s.n.], |
| Fecha de publicación, distribución, etc. | 1859 ( |
| Fabricante | P. A. Bourdier et Cie) |
| 300 ## - DESCRIPCIÓN FÍSICA | |
| Extensión | 92 p., [2] h. pleg. de mapas ; |
| Dimensiones | 23 cm. |
| 650 #7 - PUNTO DE ACCESO ADICIONAL DE MATERIA--TÉRMINO DE MATERIA | |
| Término de materia o nombre geográfico como elemento de entrada | Pozos artesianos |
| Fuente del encabezamiento o término | |
| 9 (RLIN) | 136758 |
| 852 ## - LOCALIZACIÓN | |
| Ubicación | ES-MaACL |
| Número de control de estantería | B-7987(2) |
| Nota libre | - Enc. con otras obras |
| -- | - Legado Federico de Botella y de Hornos |
| Estatus retirado | Estado de pérdida | Estado de daño | No para préstamo | Colección | Biblioteca de origen | Biblioteca actual | Ubicación en estantería | Fecha de adquisición | Fuente de adquisición | Total de préstamos | Signatura topográfica completa | Código de barras | Visto por última vez | Precio de reemplazo | Tipo de ítem Koha |
|---|---|---|---|---|---|---|---|---|---|---|---|---|---|---|---|
| Libros del s. XIX | Biblioteca del Ateneo de Madrid | Biblioteca del Ateneo de Madrid | Sala Pardo Bazán | 17/01/2008 | B-7987(2) | 1093774 | 23/02/2023 | 23/02/2023 | Libro impreso antiguo |
